| 000 | 00566nas a22001817a 4500 | ||
|---|---|---|---|
| 008 | 130219t20099999ag ||||| |||| 00| 0 spa d | ||
| 022 | _a1851-295X | ||
| 245 | _aBoletín Epidemiológico Periódico | ||
| 260 |
_aBuenos Aires: _bMinisterio de Salud de la Nación, _c2009 |
||
| 300 | _av. : | ||
| 310 | _asemestral | ||
| 546 | _aespañol | ||
| 590 | _aExistencias: 2009(1º sem) | ||
| 650 |
_aEPIDEMIOLOGIA-BOLETIN _91886 |
||
| 650 |
_aEPIDEMIOLOGIA-ARGENTINA _91887 |
||
| 856 | _uhttp://msal.gov.ar/htm/site/sala_situacion/boletines_ultimos.asp | ||
| 942 |
_2ddc _cCR |
||
| 999 |
_c1156 _d1156 |
||